| 000 | 00847nam a22002295i 4500 | ||
|---|---|---|---|
| 001 | 175100 | ||
| 003 | ES-MaACL | ||
| 005 | 20250815103925.0 | ||
| 008 | 101006s1951 sp a |||| | spa d | ||
| 080 | _a549:548 | ||
| 100 | 1 |
_aGarcía Vicente, José. _955398 |
|
| 245 | 1 | 3 |
_aEstructura cristalina de los minerales de la arcilla / _cpor José García Vicente. |
| 260 |
_a[Madrid] : _bInstituto de Edafología y Fisiología Vegetal, _c1951. |
||
| 300 |
_a107 p. , [1] h. pleg. : _bil. ; _c26 cm. |
||
| 490 | 1 |
_aMonografías de ciencia moderna ; _v30 |
|
| 650 | 1 | 4 |
_aCristalografía. _911424 |
| 650 | 1 | 4 |
_aMinerales de arcilla. _9143465 |
| 710 | 2 |
_aInstituto de Edafología y Fisiología Vegetal. _9143435 |
|
| 830 | 0 |
_aMonografías de ciencia moderna _v30 _9189470 |
|
| 852 |
_aES-MaACL _jE-13296 _xOlim P-555 bis |
||
| 999 |
_c175100 _d175100 |
||